|
|
|
|
| LEADER |
00000naa0a2200000 4500 |
| 001 |
650685 |
| 005 |
20250903135251.0 |
| 035 |
|
|
|a (RuTPU)RU\TPU\network\15934
|
| 090 |
|
|
|a 650685
|
| 100 |
|
|
|a 20161017d2016 k||y0rusy50 ca
|
| 101 |
0 |
|
|a rus
|
| 102 |
|
|
|a RU
|
| 135 |
|
|
|a drnn ---uucaa
|
| 181 |
|
0 |
|a i
|
| 182 |
|
0 |
|a b
|
| 200 |
1 |
|
|a Исследование биопокрытия имплантанта в физиологическом растворе спектральными анализами (РФлА, АЭА)
|f Е. Л. Бойцова, Л. А. Леонова
|
| 203 |
|
|
|a Текст
|c электронный
|
| 300 |
|
|
|a Заглавие с экрана
|
| 320 |
|
|
|a [Библиогр.: с. 200 (3 назв.)]
|
| 463 |
|
|
|t Кинетика и механизм кристаллизации. Кристаллизация и материалы будущего
|o тезисы докладов IX Международной научной конференции и IV Всероссийской школы молодых ученых по кинетике и механизму кристаллизации, 13-16 сентября 2016 г., г. Иваново.
|v [С. 199-200]
|d 2016
|
| 610 |
1 |
|
|a электронный ресурс
|
| 610 |
1 |
|
|a труды учёных ТПУ
|
| 610 |
1 |
|
|a биопокрытия
|
| 610 |
1 |
|
|a имплантаты
|
| 610 |
1 |
|
|a физиологические растворы
|
| 700 |
|
1 |
|a Бойцова
|b Е. Л.
|c физик
|c доцент Томского политехнического университета, кандидат технических наук
|f 1975-
|g Елена Львовна
|3 (RuTPU)RU\TPU\pers\34868
|9 18204
|
| 701 |
|
1 |
|a Леонова
|b Л. А.
|c химик-технолог
|c доцент Томского политехнического университета, кандидат технических наук
|c девичья фамилия Филатова
|f 1983-
|g Лилия Александровна
|3 (RuTPU)RU\TPU\pers\25860
|9 11728
|
| 712 |
0 |
2 |
|a Национальный исследовательский Томский политехнический университет (ТПУ)
|b Физико-технический институт (ФТИ)
|b Кафедра экспериментальной физики (ЭФ)
|3 (RuTPU)RU\TPU\col\21255
|
| 712 |
0 |
2 |
|a Национальный исследовательский Томский политехнический университет (ТПУ)
|b Физико-технический институт (ФТИ)
|b Кафедра химической технологии редких, рассеянных и радиоактивных элементов (№ 43) (ХТРЭ)
|3 (RuTPU)RU\TPU\col\18733
|
| 801 |
|
2 |
|a RU
|b 63413507
|c 20161017
|g RCR
|
| 856 |
4 |
|
|u http://crystal.isc-ras.ru/template/page/abstract%20crystal%202016.pdf#page=200
|
| 942 |
|
|
|c CF
|